| 000 | 01419nam a2200349 i 4500 | ||
|---|---|---|---|
| 001 | 14049 | ||
| 003 | KOSZ 005 | ||
| 005 | 20191014094659.0 | ||
| 008 | 071008s1966 pl a f 001 0 pol | ||
| 015 | _aPB 1966/8051 | ||
| 040 |
_aWA N _cWA N _dKOSZ 005/RW |
||
| 080 | _a621.3 | ||
| 100 | 1 |
_aChmielarz, Józef _d(1904-1979) _eAutor |
|
| 245 | 1 | 0 |
_aProjektowanie elektrycznych urządzeń sterowania, blokady i sygnalizacji / _cJózef Chmielarz. |
| 250 | _aWydanie 2 przerobione i uzupełnione. | ||
| 260 |
_aWarszawa : _bWydawnictwa Naukowo-Techniczne, _c1966. |
||
| 300 |
_a623 strony, [1] strona tablic: _bilustracje ; _c25 cm. |
||
| 336 |
_aTekst _btxt _2rdacontent |
||
| 337 |
_aBez urządzenia pośredniczącego _bn _2rdamedia |
||
| 338 |
_aWolumin _bnc _2rdacarrier |
||
| 380 | _aKsiążki. | ||
| 500 | _aWydanie 1 pt.: Urządzenia elektrycznego sterowania, blokady i sygnalizacji : podstawy projektowania. | ||
| 504 | _aBibliografia na stronach [611]-618. Indeks. | ||
| 521 | 8 | _aDla inżynierów i techników oraz studentów odpowiednich specjalności. | |
| 658 | _aInżynieria i technika | ||
| 650 | 4 | _aSterowanie | |
| 650 | 4 | _aUrządzenia elektryczne | |
| 650 | 4 | _aSygnalizacja | |
| 710 | 2 |
_aWydawnictwa Naukowo-Techniczne _4pbl. |
|
| 856 |
_uhttp://koha.tu.koszalin.pl/cgi-bin/koha/opac-detail.pl?biblionumber=14049 _yKatalog online BPK |
||
| 942 |
_2UKD _cKS |
||
| 999 |
_c14049 _d14049 |
||